000 03025nam2a2200361 i 4500
001 RU\NLR\BIBL_A\011493689
005 20240921175356.0
010 _a9785726416090
_bч. 1
021 _aRU
_b2017-67848
_94808
035 _a(RuMoRGB)009387685
035 _a(NLR Aleph) 011493689
090 _a11959163
_c11959163
100 _a20171011d2017 km y0rusy50 ca
101 0 _arus
102 _aRU
105 _aab||j|||000zy
200 1 _aИстория архитектуры и строительной техники Древнего и античного мира
210 _d2017
215 _a189 с., [42] л. цв. ил., к.
_cил.
320 _aБиблиогр.: с. 187-189 и в подстроч. примеч.
320 _aДр. кн. авт. на 4-й с. обл.
461 0 _1001RU\NLR\BIBL_A\011498346
_12000#$aВсеобщая история архитектуры и строительной техники$eучебник [для обучающихся] по направлению подготовки 07.03.01 Архитектура$e[в 3 т.]$fТ.Р. Забалуева$gМинистерство образования и науки Российской Федерации, Национальный исследовательский Московский государственный строительный университет$vЧ. 1
_1700#1$aЗабалуева$bТ. Р.$gТатьяна Рустиковна
_911983463
_aЗабалуева, Т. Р.
_cМосква
_d2017
_e2-е изд., перераб.
_fТ.Р. Забалуева
_nФедеральное государственное бюджетное образовательное учреждение "Национальный исследовательский Московский государственный строительный университет"
_oучебник [для обучающихся] по направлению подготовки 07.03.01 Архитектура : [в 3 ч.]
_tВсеобщая история архитектуры и строительной техники
_y9785726416083
_vЧ. 1
606 1 _aСтроительное дело
_jУчебники для высших учебных заведений
_xИстория
_zАнтичный период
_92342994
_3RU\NLR\AUTH\6601623744
606 1 _aСтроительное дело
_jУчебники для высших учебных заведений
_xИстория
_zДревний период
_9979580
_3RU\NLR\AUTH\6649964
606 1 _aАрхитектура
_jУчебники для высших учебных заведений
_zАнтичный период
_92341844
_3RU\NLR\AUTH\6601623218
606 1 _aАрхитектура
_jУчебники для высших учебных заведений
_zДревний мир
_91025099
_3RU\NLR\AUTH\6674698
686 1 _aЩ113(0)32я73
686 1 _aЩ113(0)3я73
686 1 _aН.г(0)3я73-1
942 _cBOOK
980 _aNBR